00998nam a2200277Ia 45000010006000000050017000060070003000230080041000260400025000670410008000920820023001000820024001231000023001472450077001702500013002472600041002603000019003016530023003206530036003436530014003796530017003939420012004109520145004229520136005679990017007034174520240114003436.0ta080503s1990 g b000 u asm u aCotton College Assam aasm a891.414bBo 644 Ru a947.0841bBo 645 Ru aBora, Dhubajyoti . 0aRus Maha Bipllab (Pratham Khanda) /cDhubajyoti Bora.hTextual Documents aist ed / aGuwahati :bStudents Stores ,c1990. a395pg ;c21cm. aRussian Revolution aRussian Communism-Social Aspect aG-Histiry aT/G-Assamese 2ddccBK 001040708Circulation(g)aSKBLbSKBLd2012-02-01f00000l2o891.414 Bo 644 Rup5448/Asr2024-04-30 12:14:17s2024-04-30t1w2012-02-01yBK 001040708Circulation (T/G)aSKBLbSKBLd2012-02-01f00000l0o891.414 Bo 644 Rup3357/Asr2024-01-14 00:00:00t2w2012-02-01yBK c41712d41712